000
00330nam a22001457a 4500
003
SGT
020
_a
978-81-219-3521-0
082
_a
589.3
_b
B16V
100
_a
VASHISHTA, B.R
245
_a
BOTANY FOR DEGREE STUDENTS PART-1 ALGAE
260
_a
NEW DELHI
_b
S.CHAND
_c
2016
300
_a
612
650
_a
AYURVEDA
942
_2
ddc
_c
BK
999
_c
14689
_d
14689